[Event "FRA-chT Top 16 GpA"]
[Site "Mulhouse"]
[Date "2005.02.05"]
[Round "2"]
[White "Mensch, Etienne"]
[Black "Lautier, Joel"]
[Result "0-1"]
[WhiteElo "2360"]
[BlackElo "2678"]
[Annotator "Roiz,M"]
[PlyCount "100"]
[EventDate "2005.02.04"]
[EventType "team"]
[EventRounds "7"]
[EventCountry "FRA"]
[SourceTitle "CBM 106"]
[Source "ChessBase"]
[SourceDate "2005.06.06"]
[SourceVersion "1"]
[SourceVersionDate "2005.06.06"]
[SourceQuality "1"]

1. d4 {Mueller,Karsten} d5 2. c4 e6 3. Nc3 c6 4. e3 Bd6 {A tricky order of
moves which avoids comlications after 4...f5 5.g4.} 5. Nf3 f5 6. Ne5 Nf6 7. f4
O-O 8. cxd5 $6 {That move is dubious from strategical point of view, since it
helps black to complete a comfortable development. Usually white takes on d5
after b7-b6: in that case exd5 would create a weak pawn on c6. At the same
time, now black gets a good spot on e6 for his bishop, so he shouldn't face
any problems.} ({More to the point would be:} 8. Be2 b6 9. O-O Ba6 (9... Qe7
10. Bd2 Bb7 11. Qa4 Kh8 12. cxd5 exd5 13. Be1 Qe6 14. Bh4 Be7 15. Qc2 Nbd7 16.
Bd3 $14 {0-1 Grabuzova,T-Sherbakov,R/Cappelle la Grande 1995/EXT 97 (46)}) 10.
Bd2 Nfd7 11. Qb3 Nxe5 12. fxe5 Be7 13. cxd5 cxd5 14. Bxa6 Nxa6 15. Nb5 Qd7 16.
a4 Rfc8 $11 {1/2-1/2 Sellos,D-Sherbakov,R/Paris 1996/EXT 97 (27)}) 8... exd5 9.
Be2 Be6 10. O-O c5 $146 {Black is looking for a way to make the position more
complicated. He attacks white's pawns centre even at cost of exchenge of his
dark-squared bishop.} ({Solid enough would be:} 10... Nbd7 11. Bd2 Ne4 12. Nxe4
$6 dxe4 13. Qe1 Rc8 14. Rc1 c5 $15 {0-1 Shchukin,D-Sivokho,S/St Petersburg
2000/EXT 2001 (40)}) 11. Nb5 Nc6 ({An attempt to keep the bishop fails to:} 
11... Be7 $6 12. dxc5 Bxc5 13. Nd4 $14 {[%csl Gd4,Ge5,Re6]}) 12. Nxd6 Qxd6 13.
b3 {[%cal Gc1a3] White is planning to complete the development of his
queen-side pieces.} ({Possibly would be also} 13. Bf3 Rac8 14. Nxc6 Rxc6 15. b3
$11 {with an equal position.}) 13... cxd4 {After 14.Ba3 the pin of Pc5 could
be unpleasant, so that tackle is more or less forced.} 14. Nxc6 {That move
allows black to reach a mobile pawns centre.} ({The alternative was:} 14. exd4
Ne4 15. Bb2 Rac8 $11) 14... bxc6 15. Qxd4 ({Now after} 15. exd4 Rfe8 16. Re1
Bf7 $15 {black's chances are a bit better due to control of e4 spot, while
white cannot exploit the weakness of e5.}) 15... c5 {That advance is
practically forced - otherwise white may set-up a blockade over the dark
squares.} 16. Ba3 ({An equal endgame would arise after:} 16. Qe5 Qxe5 17. fxe5
Nd7 (17... Ne4 18. Ba3 $11) 18. Bb2 $11 (18. Ba3 $11)) 16... Ne4 {Now white's
queen is under attack.} ({Nothing promised:} 16... cxd4 17. Bxd6 Rfd8 18. Bc5 (
18. Be7 $6 dxe3 19. Bxd8 Rxd8 20. Rac1 d4 21. Rfd1 Ne4 $36) 18... dxe3 19. Bd4
$1 {[%csl Gd4,Re3] and white is at least not worse.}) 17. Qb2 {The queen is
placed passively there.} ({A reasonable alternative was:} 17. Qe5 Qxe5 18. fxe5
a5 19. Rac1 Rfc8 $11) 17... Rfd8 {[%cal Gd5d4] Black's pieces are centralized
and ready for a complications which would arise after d5-d4.} 18. Bf3 d4 19.
Bxe4 $2 {A serious strategical mistake-now black's central pawns become very
powerful.} (19. exd4 $6 Qxd4+ 20. Qxd4 cxd4 21. Rad1 d3 $36) ({Much better was:
} 19. Rac1 $142 Rac8 (19... dxe3 20. Bxe4 fxe4 21. Bxc5 $14) (19... d3 20. Bxe4
fxe4 21. Bxc5 $14) 20. Rfd1 d3 (20... Qb6 21. Rd3 $13) 21. Bxe4 fxe4 22. Qc3
$132 {[%csl Rg7,Rg8][%cal Ga3b2,Gd1d2]}) 19... fxe4 20. f5 (20. Rac1 Rac8 21.
Rfd1 Qb6 $15) 20... Bf7 21. exd4 $2 {A loss of time which allows black to
seize a dangerous initiative.} (21. Rac1 Rac8 22. Rfd1 Qb6 $15) 21... Qxd4+ 22.
Kh1 e3 $2 {That natural move allows white to regroup his pieces.} ({Stronger
was:} 22... Qxb2 23. Bxb2 Rd2 24. Bc3 Rd3 25. Rac1 e3 $17 {[%csl Ge3] and
white is in great troubles.}) 23. Qe2 $1 {Now black has to play enegretically
in order to prove, that his passed Pe3 is very powerful. His Kg8 is quite
compromised, so white may attack it, using a power of Ba3.} Qe4 24. Rae1 {
White should immediately attack the Pe3 - in that case black wouldn't have
enough time for penetration. At the same time, now black could keep his passed
pawn, as Rf3 will be not possible.} ({More accurate seems to be:} 24. Rf3 Re8
25. Rg3 Qxf5 26. Bb2 Bg6 27. Rxe3 $11) 24... Rd3 25. f6 $2 {A loss of time -
white's pieces are too passive, so he couldn't create any threats.} ({A
correct way would be:} 25. Bxc5 Re8 26. Rf4 $1 (26. Bxa7 Rd2 27. Qf3 (27. Qxd2
exd2 28. Rxe4 Rxe4 29. Bf2 Bh5 $19) 27... e2 28. Rg1 Rxa2 29. Qxe4 Rxe4 30. Bf2
Bxb3 $17) (26. Rd1 Red8 27. Rxd3 Rxd3 28. Bb4 (28. Rg1 Bd5 29. Bxa7 Qxf5 $36)
28... Rd5 $36) 26... Qd5 ({after} 26... Qxf4 27. Qxd3 e2 28. Bxa7 {I don't see
how black can make some progress, while white is already 3 pawns up!}) 27. Bxa7
Ra8 (27... Rd2 28. Qf3) 28. Rb4 $1 (28. Ra4 Be8 $36) 28... Rd2 29. Qf1 Rf2 30.
Qg1 Rxa2 31. Bxe3 Qxf5 $44 {and black has a sufficient compensation for the
pawn, but white is O.K.}) 25... Re8 26. Bxc5 Rd2 {An important penetration of
the rook. Now white's pieces become even more passive.} 27. Qf3 $8 (27. Qxd2 $2
exd2 28. Rxe4 Rxe4 {[%cal Ge4e1]} 29. Bf2 Rf4 $19) 27... e2 28. Rg1 (28. Rf2 $2
Rd1 29. Qc3 Red8 $19) 28... Rxa2 $17 {So, black has won the material back and
now he has a clear advantage due to his strong passed Pe2.} 29. Qg3 ({After} 
29. fxg7 Qxf3 30. gxf3 Bxb3 $17 {black gets a second passed Pa7.}) 29... Qg6
30. Qf2 {A correct answer - white should at least take the Pa7.} ({Hopeless
would be:} 30. Qxg6 $143 hxg6 31. fxg7 (31. b4 gxf6 $19) 31... Bxb3 $19) 30...
Qxf6 31. Bxa7 Qxf2 32. Bxf2 Bxb3 {Although there is no much material on the
board, black has excellent winning chances.} 33. h3 ({Deserved attention} 33.
Rb1 $5 Bc4 34. Rge1 $17 {[%cal Gh1g1] regrouping the pieces.}) 33... Rf8 34.
Bc5 Rf5 35. Bb4 Bc4 {[%cal Gf5f1] Now 36...Rf1 is unavoidable. That will
completely paralize all white's pieces.} 36. Rc1 Rf1 (36... Bd5 $143 37. Kh2
Rf1 38. Be1 $17) 37. Rxc4 ({At the same time white could hold on by:} 37. Kh2
Ba6 38. Rb1 $19 (38. Be1 Ra4 39. Rb1 Rd4 {[%cal Gd4d1]}) 38... Ra4 39. Bc3 Rc4
40. Ba5 (40. Be1 Rd4 41. Rb8+ Kf7 $19) 40... Rd4 41. Re1 $17 {and it's still
not easy for black to advance his king, as he cannot pass the ''e'' file in
view of Rgxf1.}) 37... Raa1 38. Rc8+ Kf7 39. Rf8+ Kg6 40. Rgxf1 exf1=Q+ 41.
Rxf1 Rxf1+ 42. Kh2 Kf5 43. Bc3 {'?!' Mueller,Karsten.} (43. g4+ {Mueller,
Karsten} Kf4 (43... Kg5 44. Bd6 Rd1 45. Bg3 $11) 44. Kg2 Rd1 45. Ba5 Rd7 (45...
Rd3 46. Bc7+ {This is a well-known drawing fortress Das ist eine bekannte
Remisfestung.}) 46. Kf2 {and I can see no way for Black to break through. und
ich sehe keinen Weg für Schwarz durchzubrechen.}) 43... g6 44. Bg7 {'?'
Mueller,Karsten.} (44. g4+ {Mueller,Karsten} Kf4 45. Kg2 Rd1 46. Ba5 Rd7 47.
Kf2 {was once again indicated. war erneut angesagt.}) 44... Ke4 45. Kg3 (45. g4
{Mueller,Karsten} Kf3 46. Be5 Rc1 47. Bd6 h6 48. Bb8 g5 49. Bd6 Rc2+ 50. Kg1
Rc6 51. Be5 h5 52. gxh5 Rh6 53. Kh2 Rxh5 54. Bg3 g4 55. h4 Rd5 $19) 45... Ke3
46. Kg4 Kf2 47. g3 Kg2 48. Be5 Rf5 49. Bd6 Rh5 50. h4 Rf5 0-1

[Event "United Insurance 6th"]
[Site "Dhaka"]
[Date "2003.03.12"]
[Round "5"]
[White "Abdulla, Al Rakib"]
[Black "Reefat, Bin Sattar"]
[Result "0-1"]
[WhiteElo "2405"]
[BlackElo "2451"]
[Annotator "Roiz,M"]
[PlyCount "104"]
[EventDate "2003.03.08"]
[EventType "tourn"]
[EventRounds "13"]
[EventCountry "BAN"]
[EventCategory "9"]
[SourceTitle "CBM 095"]
[Source "ChessBase"]
[SourceDate "2003.07.25"]
[SourceVersion "1"]
[SourceVersionDate "2003.07.25"]
[SourceQuality "1"]

1. d4 e6 2. Nf3 d5 3. c4 c6 4. e3 f5 5. Bd3 Nf6 6. O-O Bd6 7. b3 Qe7 8. Bb2 b6
(8... O-O {is more popular move in this position.}) 9. Qc1 {[%cal Gb2a3]} Ba6
$6 $146 {This standard move is not so good in this position because black is
not ready yet for c6-c5.} ({More solid is} 9... O-O 10. Ba3 Bb7 (10... c5 11.
Nc3 (11. Qc2 Ne4 12. Nc3 Nxc3 13. Qxc3 Nd7 14. cxd5 exd5 15. Qc2 Nf6 16. Bxf5
Ne4 17. Bxe4 dxe4 18. Ne5 Bxe5 19. dxe5 Qxe5 20. Bb2 Qe7 $11 {1/2-1/2
Martinez-Bellon Lopez,J/Alicante 1988 (37)}) 11... Ba6 (11... dxc4 12. dxc5
bxc5 13. Bxc4 $14 {1-0 Mamedova,R-Skripchenko,A/Elista RUS 1998 (29)}) 12. Rd1
dxc4 13. Bxc4 Bxc4 14. bxc4 Nbd7 15. Nb5) 11. Bxd6 Qxd6 12. Qa3 c5 13. cxd5 (
13. Nbd2 Na6 14. Rad1 Nb4 15. Bb1 a5 16. Qb2 Ba6 17. a3 Nc6 18. Rfe1 Rad8 19.
h3 cxd4 20. exd4 Ne4 $15 {0-1 Peng,Z-Galkin,A/Hoogeveen Essent op 2001}) 13...
Nxd5 14. dxc5 bxc5 15. Be2 f4 16. e4 Nb4 17. e5 Qe7 18. Qb2 N8c6 $132 {0-1
Yakovich,Y-Kharlov,A/RUS-ch 54th Elista 2001}) (9... Bb7 10. Ba3 Nbd7 11. cxd5
cxd5 12. Bxd6 Qxd6 13. Nc3 a6 14. Qb2 O-O 15. b4 Rac8 16. a4 Ne4 17. Ne2 $14 {
1-0 Kortschnoj,V-Grischuk,A/Biel GM 2001}) 10. Ba3 c5 (10... O-O 11. Bxd6 Qxd6
12. Rd1 c5 13. Qa3 Rd8 14. Nc3 $14) 11. Qc2 $6 {Not energetically enouth.} ({
Better was to activate an additional piece-} 11. Rd1 $1 O-O (11... cxd4 12.
Bxd6 Qxd6 13. Nxd4 O-O 14. cxd5 Bxd3 15. Rxd3 (15. Nxe6 Bxb1 16. Nxf8 Be4 17.
Ne6 Na6 18. Qc4 Nc5 $13) 15... Ng4 16. f4 exd5 (16... Qxd5 17. Qd2 $16 {
[%cal Gb1c3]}) 17. Nc3 $14) 12. cxd5 Bxd3 13. Rxd3 exd5 (13... Nxd5 14. dxc5
Bxc5 15. Bxc5 bxc5 16. Nc3 $14) 14. Nc3 $14 {[%csl Rd5]}) 11... cxd4 (11... O-O
12. cxd5 Bxd3 13. Qxd3 Nxd5 14. dxc5 Bxc5 15. Bxc5 Qxc5 16. Nd4 Qd6 17. Nd2 $14
) 12. Nxd4 (12. Bxd6 Qxd6 13. Nxd4 (13. exd4 Nc6 14. Re1 O-O $11) 13... O-O 14.
Rd1 Nc6 15. Nxc6 Qxc6 $11) 12... Bxa3 {This move connected with a wrong idea.}
({after the simple} 12... O-O {white has nothing better than} 13. Bxd6 Qxd6 {
-12.Bxd6}) 13. Nxa3 {Suddenly, black decides to leave his king in the centre!}
Qxa3 (13... O-O $142 14. Qb2 Rc8 15. Rfd1 Bb7 16. Rac1 Nbd7 $11) 14. Nxe6 Kf7 (
14... Qe7 15. cxd5 Kf7 16. Bxa6 Nxa6 17. Qxf5 g6 18. Qf4 $16) 15. Nc7 (15. Ng5+
$2 Ke7 16. cxd5 Rc8 $17) 15... Qd6 $6 (15... Nbd7 16. Nxa8 (16. Qc1 Qxc1 17.
Rfxc1 Nc5 18. Bxf5 Rad8 19. b4 Bc8 $1 $17) 16... Rxa8 17. Bxf5 dxc4 18. bxc4
Ne5 $13) 16. Nxa8 Nc6 17. Bxf5 {White has a material advantage.} (17. Nxb6 axb6
(17... Nb4 $6 18. Qc3 Nxd3 19. Nxd5 $1 Ng4 20. f4 $18) 18. Bxf5 dxc4 19. bxc4
$14) 17... Rxa8 18. Rfd1 {Black pieces are active, but his king is quite weak,
so he has no compensation for the material deficit.} (18. Rfe1 $5 dxc4 (18...
d4 19. exd4 Nxd4 20. Qd3 {[%cal Ga1d1]} Rd8 21. Bxh7 $14)) 18... d4 $8 19. Bxh7
$1 (19. Be4 $6 Bb7 $1 20. Qb1 Qe6 21. Bf5 Qe5 $13) 19... Rd8 (19... Rh8 20.
Bg6+ Kg8 21. h3 $16) 20. Be4 $16 (20. Bg6+ Kg8 21. h3 Bb7 22. Qe2 $16 {[%cal
Gg6c2]}) 20... Nb4 $8 21. Bg6+ Kg8 22. Qf5 ({deserves attention is} 22. Qe2 $5
d3 23. Qf3 Bc8 {[%cal Gc8g4]} 24. Rd2 Nc6 {[%cal Gc6e5]} 25. Qf4 $1 Ne5 26.
Rxd3 Nxd3 27. Qxd6 Rxd6 28. Rd1 $16) 22... Nc6 (22... Bc8 23. Qg5 Qc5 24. Qh4
Nc6 25. Rd3 dxe3 26. Rxe3 $18) 23. Rd2 (23. Qh3 Bc8 24. Qh4 Qe5 25. exd4 Nxd4
26. Re1 $16) 23... Bc8 24. Qg5 Qc5 25. Qxc5 $6 {In my opinion, better was to
leave the queens on the board because black couldn't create any serious
threats.} (25. Qf4 $1 Qe5 26. Qxe5 Nxe5 27. Bd3 $1 (27. Bc2 d3) 27... Kf8 28.
exd4 Rxd4 29. Rad1 $16) 25... bxc5 26. Rad1 a5 27. exd4 Nxd4 (27... cxd4 28.
Re1 Kf8 29. f3 $16 {[%csl Rf8][%cal Gg1f2,Gg2g4,Gg4g5]}) 28. a3 (28. f3 Kf8 29.
Kf2 Ke7 30. h4 $16) 28... Ng4 29. Be4 (29. Re1 $5 Kf8 $140 30. b4 $1 {[%cal
Ge1e4]} Nf6 31. Kh1 $18) 29... Be6 30. h3 Nf6 31. Bg6 {Black has coordinated
somehow his pieces and white must defend on his weak pawn on b3.} Rb8 32. Rxd4
$1 {The knight on d4 was very strong. Now white gets 4 pawns for a knight and
his position is much better.} cxd4 33. Rxd4 Kf8 34. Bc2 Ke7 35. Kf1 $4 {
[%mdl 8192] Missing a great tactical blow! White should just push his
pawns-black couldn't create any serious threats.} (35. f4 $1 Nd7 36. Rd3 $16 a4
$140 37. b4 Bxc4 38. Re3+ $16) {Now white cannot defend on his pawn b3.} 35...
Nd7 {[%cal Gd7c5]} 36. Re4 (36. Rd3 a4 $1 $19 {[%cal Gd7c5]}) (36. f4 Nc5 37.
f5 Bf7 $17) 36... Nc5 37. Re3 Nxb3 $1 38. Bxb3 (38. Bf5 Nd4 39. Bxe6 Rb1+ 40.
Re1 Rxe1+ 41. Kxe1 Nxe6 $19) (38. Ke1 Nd4 39. Bd3 Rb2 {[%csl Ra3,Rc4][%cal
Gb2a2] with full domination of black.}) (38. Rxb3 Bxc4+ 39. Rd3 Rb2 $19) 38...
Rxb3 39. Rxb3 Bxc4+ 40. Ke1 Bxb3 $19 {The only hope of white is to change all
his pawns for the Pg7, but it is not possible!} 41. Kd2 Bd5 42. g3 Kd6 {
The rest is a matter of an easy technic.} 43. Kd3 (43. f4 Bg2 44. h4 Kd5 $19 {
[%cal Gd5c4,Gd5e4]}) 43... Be6 $1 44. h4 Kd5 {[%cal Ge6f5]} 45. f3 a4 $1 {
It is very important to fix the pawn on a3 for the next sucrifice!} 46. g4 Bf7
47. f4 (47. h5 Be8 $1 48. f4 (48. Kc3 Ke5 $19) (48. Ke3 Kc4 49. f4 Kb3 50. f5 (
50. Kd2 Kxa3 51. Kc1 Bc6 $19 {[%cal Gc6e4,Ge4f3]}) 50... Kxa3 51. Kf4 Kb3 52.
f6 gxf6 53. Kf5 a3 54. h6 a2 55. h7 a1=Q 56. h8=Q Qe5#) 48... Bb5+ 49. Ke3 (49.
Kc3 Be2 50. g5 (50. h6 gxh6 51. g5 h5 $19) 50... Bxh5 51. f5 Bf7 $19) 49... Bd7
50. Kf3 (50. g5 Bf5 $19 {[%cal Gd5c4,Gc4b3]}) (50. f5 Ke5 51. g5 Bxf5 52. h6
gxh6 53. gxh6 Bh7 $19 {[%csl Ra3,Yb1,Yc2,Yd3][%cal Ge5d4,Gd4c3,Gc3b3,Gh7b1]
and white cannot move his king to a1.}) 50... Kd4 51. f5 Ke5 {[%cal Gd7f5]} 52.
Ke3 Bxf5 53. gxf5 Kxf5 $19) 47... Be6 48. f5 Bd7 49. Ke3 Ke5 50. Kf3 Bc6+ 51.
Kg3 (51. Ke3 Be4 52. h5 (52. Kf2 Kf4) 52... Bxf5 $19) 51... Be4 52. h5 Bxf5 0-1